[Event "Wch U20 Girls 38th"]
[Site "Cala Gonone"]
[Date "2022.10.16"]
[Round "6"]
[White "Jacobsen, Shanne Hedegaard"]
[Black "Oliveira, Beatriz Correia"]
[Result "1-0"]
[WhiteElo "1412"]
[BlackElo "1538"]
[PlyCount "95"]
[EventDate "2022.10.12"]
[EventType "swiss"]
[EventRounds "11"]
[EventCountry "ITA"]
[SourceTitle "CBM 210 Extra"]
[Source "ChessBase"]
[SourceDate "2022.11.30"]
[SourceVersion "1"]
[SourceVersionDate "2022.11.30"]
[SourceQuality "1"]

1. d4 d5 2. c4 c6 3. Nf3 Nf6 4. Nc3 Bf5 5. cxd5 cxd5 6. Qb3 Bc8 7. Bf4 a6 8. e3 Nc6 9. Ne5 e6 10. Rc1 Nh5 11. Nxc6 bxc6 12. Be5 f6 13. Bg3 g6 14. Bd3 Bd7 15. Qc2 Kf7 16. Qe2 Qb6 17. a3 Qa5 18. Qf3 Nxg3 19. fxg3 Rb8 20. 0-0 Be7 21. Qe2 Ra8 22. Ra1 Rhb8 23. b4 Qb6 24. Na4 Qa7 25. Nc5 Bc8 26. e4 a5 27. exd5 cxd5 28. Rab1 axb4 29. axb4 Qa3 30. Rb3 Qa7 31. Qf2 Qb6 32. Rfb1 Qc7 33. b5 Rb6 34. Rc3 Bd7 35. Qe3 Qd8 36. Nxd7 Qxd7 37. Rbc1 Ra7 38. Rc6 Rab7 39. Be2 f5 40. Qh6 Bf6 41. Qxh7+ Bg7 42. Rc8 Qe7 43. g4 Rd7 44. h4 g5 45. h5 Qf6 46. Qg8+ Ke7 47. Qe8+ Kd6 48. R1c6+ 1-0

[Event "EU-ch U16 Girls 28th"]
[Site "Riga"]
[Date "2018.08.23"]
[Round "4"]
[White "Lukacs, Anna Kata"]
[Black "Oliveira, Beatriz Correia"]
[Result "1-0"]
[WhiteElo "1764"]
[BlackElo "1327"]
[PlyCount "44"]
[EventDate "2018.08.20"]
[EventType "swiss"]
[EventRounds "9"]
[EventCountry "LAT"]
[SourceTitle "CBM 186 Extra"]
[Source "ChessBase"]
[SourceDate "2018.08.24"]
[SourceVersion "1"]
[SourceVersionDate "2018.08.24"]
[SourceQuality "1"]

1. e4 d5 2. exd5 Qxd5 3. Nc3 Qd8 4. d4 Nf6 5. Nf3 Bg4 6. h3 Bh5 7. g4 Bg6 8. Ne5 Nbd7 9. Bf4 Nxe5 10. Bxe5 c6 11. Bc4 e6 12. Qe2 a6 13. 0-0-0 Bd6 14. d5 Nxd5 15. Bxd5 cxd5 16. Nxd5 Rc8 17. Nb4 0-0 18. Bxd6 Re8 19. Be5 Qa5 20. Bc3 Qa4 21. Kb1 a5 22. Nd3 b6 1-0

[Event "EU-ch U16 Girls 28th"]
[Site "Riga"]
[Date "2018.08.22"]
[Round "3"]
[White "Oliveira, Beatriz Correia"]
[Black "Swiech, Joanna"]
[Result "0-1"]
[WhiteElo "1327"]
[BlackElo "1946"]
[PlyCount "46"]
[EventDate "2018.08.20"]
[EventType "swiss"]
[EventRounds "9"]
[EventCountry "LAT"]
[SourceTitle "CBM 186 Extra"]
[Source "ChessBase"]
[SourceDate "2018.08.24"]
[SourceVersion "1"]
[SourceVersionDate "2018.08.24"]
[SourceQuality "1"]

1. d4 d5 2. c4 e6 3. Nc3 Nf6 4. Bg5 Be7 5. Nf3 0-0 6. e3 h6 7. Bh4 b6 8. Bd3 Bb7 9. 0-0 Nbd7 10. Qe2 c5 11. cxd5 exd5 12. Rac1 c4 13. Bb1 a6 14. a4 Bc6 15. Qc2 g6 16. Bg3 b5 17. axb5 axb5 18. Ne5 Nxe5 19. Bxe5 b4 20. Ne2 Ne4 21. f3 Ba4 22. b3 Bxb3 23. Qb2 Bf6 0-1

[Event "EU-ch U16 Girls 28th"]
[Site "Riga"]
[Date "2018.08.20"]
[Round "1"]
[White "Sibajeva, Marija"]
[Black "Oliveira, Beatriz Correia"]
[Result "1-0"]
[WhiteElo "1941"]
[BlackElo "1327"]
[PlyCount "74"]
[EventDate "2018.08.20"]
[EventType "swiss"]
[EventRounds "9"]
[EventCountry "LAT"]
[SourceTitle "CBM 186 Extra"]
[Source "ChessBase"]
[SourceDate "2018.08.24"]
[SourceVersion "1"]
[SourceVersionDate "2018.08.24"]
[SourceQuality "1"]

1. e4 d5 2. exd5 Qxd5 3. Nf3 Qd8 4. d4 Bg4 5. Be2 Nf6 6. c4 e6 7. 0-0 c6 8. h3 Bh5 9. Nc3 Be7 10. Be3 0-0 11. Ne5 Bxe2 12. Qxe2 Nbd7 13. f4 h6 14. Rad1 Qc7 15. Qf2 a6 16. g4 Nh7 17. Qg2 Rad8 18. Nxd7 Rxd7 19. g5 hxg5 20. fxg5 Qb6 21. h4 e5 22. Qh3 Rdd8 23. dxe5 Qxb2 24. Bf2 Rxd1 25. Rxd1 Bb4 26. Be1 Bxc3 27. Bxc3 Qxa2 28. Qd3 Qa3 29. Qd4 Qe7 30. c5 Qe6 31. Qe4 Qh3 32. Rd3 Qe6 33. Kg2 Qa2+ 34. Kg3 Qb1 35. Qd4 Qa2 36. e6 f6 37. e7 Re8 1-0

[Event "POR-ch U16"]
[Site "Luso"]
[Date "2018.03.28"]
[Round "7"]
[White "Monteiro, Tomas Alexandre"]
[Black "Oliveira, Beatriz Correia"]
[Result "1-0"]
[WhiteElo "1442"]
[BlackElo "1202"]
[PlyCount "121"]
[EventDate "2018.03.24"]
[EventType "swiss"]
[EventRounds "7"]
[EventCountry "POR"]
[SourceTitle "EXT 2019"]
[Source "ChessBase"]
[SourceDate "2018.10.10"]
[SourceVersion "1"]
[SourceVersionDate "2018.10.10"]
[SourceQuality "1"]

1. e4 d5 2. exd5 Qxd5 3. Nf3 Qd8 4. d4 Bg4 5. Be2 Nf6 6. 0-0 e6 7. c4 c6 8. Re1 Nbd7 9. Nc3 Nb6 10. b3 Bb4 11. Bb2 0-0 12. a3 Be7 13. h3 Bxf3 14. Bxf3 Re8 15. Ne4 h6 16. Rb1 Qc7 17. Nc5 Nbd7 18. b4 Nxc5 19. dxc5 Red8 20. Qc2 b6 21. Be5 Qc8 22. cxb6 axb6 23. Qc3 Ra7 24. Ra1 Rad7 25. Red1 Kf8 26. Kf1 Ke8 27. Ke1 Kf8 28. Rxd7 Rxd7 29. Rd1 Qd8 30. Rxd7 Qxd7 31. Qd2 Ke8 32. Qd4 c5 33. Qxd7+ Kxd7 34. b5 Bd6 35. Bc6+ Ke7 36. Bc3 g6 37. a4 Bc7 38. Ke2 Ne8 39. Ke3 Nd6 40. Kd3 Nf5 41. g4 Nd6 42. Bg7 h5 43. gxh5 gxh5 44. Bf3 h4 45. Be5 f6 46. Bh2 e5 47. Bd5 Kf8 48. f4 Nf7 49. Bxf7 Kxf7 50. fxe5 Ke6 51. Ke4 fxe5 52. Bg1 Bd6 53. Bf2 Be7 54. Be1 Bd8 55. Bd2 Be7 56. a5 bxa5 57. Bxa5 Bd6 58. Bd8 Bb8 59. Bxh4 Bd6 60. Bg3 Bc7 61. h4 1-0

[Event "POR-ch U16"]
[Site "Luso"]
[Date "2017.04.11"]
[Round "5"]
[White "Oliveira, Beatriz Correia"]
[Black "Ribeiro, Ana Beatriz GP"]
[Result "1-0"]
[WhiteElo "1092"]
[BlackElo "1411"]
[PlyCount "125"]
[EventDate "2017.04.08"]
[EventType "swiss"]
[EventRounds "7"]
[EventCountry "POR"]
[SourceTitle "EXT 2018"]
[Source "ChessBase"]
[SourceDate "2017.10.13"]
[SourceVersion "1"]
[SourceVersionDate "2017.10.13"]
[SourceQuality "1"]

1. e4 e6 2. d4 d5 3. exd5 exd5 4. h3 Bd6 5. Nf3 f6 6. Bd3 Be6 7. Qe2 Qc8 8. Bf5 Kf7 9. Bxe6+ Qxe6 10. Qxe6+ Kxe6 11. 0-0 Ne7 12. Re1+ Kf7 13. Nc3 c6 14. Bd2 Nd7 15. Re2 g5 16. Rae1 Ng6 17. g3 Rad8 18. Nd1 Nb6 19. b3 Nc8 20. Ne3 Bc7 21. Nf5 Rhe8 22. Nh6+ Kf8 23. Bb4+ Bd6 24. Bd2 Rxe2 25. Rxe2 Re8 26. Kf1 Rxe2 27. Kxe2 Nce7 28. Ng4 Kg7 29. Kd3 h6 30. c4 dxc4+ 31. bxc4 h5 32. Ne3 Nf8 33. Bc3 Kg6 34. c5 Bb8 35. Ba5 Ne6 36. Kc4 Bc7 37. Bc3 b6 38. cxb6 axb6 39. Bb4 Nc8 40. d5 cxd5+ 41. Nxd5 Bd8 42. Nd2 Nc7 43. Nxc7 Bxc7 44. Kd5 f5 45. Nc4 g4 46. h4 Kf6 47. Kc6 Ne7+ 48. Bxe7+ Kxe7 49. Kxc7 b5 50. Ne3 f4 51. Nd5+ Ke6 52. Nxf4+ Ke5 53. Kc6 Ke4 54. Kxb5 Kf3 55. a4 Kxf2 56. Nxh5 Kg2 57. a5 Kh2 58. a6 Kg2 59. a7 Kh2 60. a8Q Kg1 61. Qa2 Kf1 62. Nf4 Kg1 63. Qg2# 1-0

[Event "POR-ch U16"]
[Site "Luso"]
[Date "2017.04.10"]
[Round "4"]
[White "Nunes, Eduardo Tavares"]
[Black "Oliveira, Beatriz Correia"]
[Result "1-0"]
[WhiteElo "1475"]
[BlackElo "1092"]
[PlyCount "109"]
[EventDate "2017.04.08"]
[EventType "swiss"]
[EventRounds "7"]
[EventCountry "POR"]
[SourceTitle "EXT 2018"]
[Source "ChessBase"]
[SourceDate "2017.10.13"]
[SourceVersion "1"]
[SourceVersionDate "2017.10.13"]
[SourceQuality "1"]

1. e4 e5 2. Nf3 Nc6 3. d4 exd4 4. Nxd4 Bc5 5. Be3 Nf6 6. Nxc6 bxc6 7. Bxc5 d6 8. Be3 Nxe4 9. Qf3 d5 10. Bd3 Nf6 11. Bg5 Qe7+ 12. Qe3 Be6 13. 0-0 0-0 14. Nd2 Rfe8 15. Rfe1 c5 16. b3 Ng4 17. Bxe7 Nxe3 18. Rxe3 Rxe7 19. Rae1 h6 20. f4 Ree8 21. Bb5 Red8 22. Nf3 Rab8 23. Ba4 Rb4 24. g3 c4 25. Ne5 Rd6 26. a3 Rbb6 27. bxc4 dxc4 28. Rc3 Rd5 29. Nxc4 Rc5 30. Nxb6 Rxc3 31. Nd7 Rxa3 32. Nc5 Bd5 33. Bb3 Bxb3 34. cxb3 Ra5 35. Rc1 Rb5 36. Kf2 Rb6 37. Ke3 f5 38. Kd3 Kf7 39. Kc4 Ke7 40. Rd1 Rc6 41. Rd7+ Kf6 42. Kd5 Rb6 43. Rxc7 Rb5 44. Rxa7 Kg6 45. Kc6 Rb8 46. Ra6 Kh5 47. Ra2 Kg4 48. Rb2 Rb4 49. Nd3 Rd4 50. Ne5+ Kh5 51. b4 Re4 52. b5 g5 53. b6 gxf4 54. gxf4 Rxf4 55. b7 1-0

[Event "POR-ch U14"]
[Site "Luso"]
[Date "2015.07.26"]
[Round "7"]
[White "Lobo, Hugo Miguel Caldas"]
[Black "Oliveira, Beatriz Correia"]
[Result "0-1"]
[WhiteElo "1310"]
[BlackElo "1048"]
[PlyCount "100"]
[EventDate "2015.07.22"]
[EventType "swiss"]
[EventRounds "7"]
[EventCountry "POR"]
[SourceTitle "EXT 2018"]
[Source "ChessBase"]
[SourceDate "2017.10.13"]
[SourceVersion "1"]
[SourceVersionDate "2017.10.13"]
[SourceQuality "1"]

1. d4 d5 2. c4 c6 3. Nc3 h6 4. Nf3 Bg4 5. h3 Bh5 6. cxd5 cxd5 7. Qb3 Qd7 8. Qxd5 Nf6 9. Qxd7+ Nbxd7 10. e3 e6 11. Nb5 Bb4+ 12. Bd2 Bxd2+ 13. Nxd2 0-0 14. Bd3 a6 15. Nd6 b5 16. N6e4 Bg6 17. Nxf6+ Nxf6 18. Be2 Rac8 19. Bd1 Bc2 20. Rc1 Bd3 21. Rc3 Rxc3 22. bxc3 Rc8 23. Be2 Bxe2 24. Kxe2 Rxc3 25. Ra1 Nd5 26. a3 f5 27. g3 g5 28. Nf3 Rc2+ 29. Kf1 Nf6 30. Ne5 Ne4 31. Nd3 Rd2 32. Nc5 Nxf2 33. Nxa6 Nxh3 34. Nc7 Rb2 35. Nxe6 Rb3 36. Nc7 Rxe3 37. Kg2 g4 38. Ra2 Rb3 39. d5 f4 40. gxf4 Nxf4+ 41. Kf1 g3 42. Ra1 Rd3 43. Nxb5 Nxd5 44. a4 Rf3+ 45. Kg2 Rb3 46. Nd6 Ne3+ 47. Kh3 g2 48. Ra2 g1Q 49. Rg2+ Qxg2+ 50. Kh4 Qg4# 0-1